Hickory Dickory Dock (Record no. 234831)

MARC details
000 -LEADER
fixed length control field 00347pam a2200145 a 4500
020 ## - INTERNATIONAL STANDARD BOOK NUMBER
Terms of availability
041 ## - LANGUAGE CODE
Language code of original
082 ## - DEWEY DECIMAL CLASSIFICATION NUMBER
Classification number 741.5
Item number BRE
245 ## - TITLE STATEMENT
Title Hickory Dickory Dock
Remainder of title Hickory Dickory Dock
Medium Textual Documents
250 ## - EDITION STATEMENT
Edition statement 2000.
260 ## - PUBLICATION, DISTRIBUTION, ETC.
Place of publication, distribution, etc. [s.l]:
Name of publisher, distributor, etc. Paraduse Press
300 ## - PHYSICAL DESCRIPTION
Other physical details Hard / Ill;
700 ## - ADDED ENTRY--PERSONAL NAME
Personal name K. Anagnost / B. Ford.
930 ## - EQUIVALENCE OR CROSS-REFERENCE-UNIFORM TITLE HEADING [LOCAL, CANADA]
Uniform title 1041
Holdings
Withdrawn status Lost status Damaged status Not for loan Collection Home library Current library Date acquired Source of acquisition Cost, normal purchase price Total Checkouts Full call number Barcode Date last seen Date last checked out Copy number Price effective from Koha item type
          College of Fine Arts, Pune College of Fine Arts, Pune 25/05/2004 Word of Art book 50.00 1 741.5 BRE FAP-1041 23/04/2025 17/01/2025 1 07/03/2023 Book